000 00325nam a2200145Ia 4500
008 191201s2005 xx 000 0 und d
082 _a658.57
_bMAP
100 _aMAJUMDAR, R
245 0 _aProduct Management in India
250 _a2nd
260 _aN.Delhi
_bPHI
_c2005
300 _a347
650 _aMBA
942 _2ddc
_cBK
999 _c2886
_d2886